vincitori tornei ATP dal 2018 - Statistics

Statistiche generali
  • Questo quiz è stato fatto 48 volte
    23 dall'ultimo reset
  • Il punteggio medio è 146 su 185
Statistiche sulle risposte
ATP ANNO EVENTO VINCITORE NAZIONE CONTRO % Corretto
ATP FINALS GIOVANI 2021 ATP FINALS ALCARAZ SPAGNA KORDA
100%
RIO 2022 500 ALCARAZ SPAGNA SCHWARTZMAN
100%
MIAMI 2022 1000 ALCARAZ SPAGNA RUUD
100%
BARCELLONA 2022 500 ALCARAZ SPAGNA CARRENO BUSTA
100%
MADRID 2022 1000 ALCARAZ SPAGNA ZVEREV
100%
US OPEN 2022 GRANDE SLAM ALCARAZ SPAGNA RUUD
100%
INDIAN WELLS 2023 1000 ALCARAZ SPAGNA MEDVEDEV
100%
BARCELLONA 2023 500 ALCARAZ SPAGNA TSITSIPAS
100%
MADRID 2023 1000 ALCARAZ SPAGNA LENNARD STRUFF
100%
LONDRA 2023 500 ALCARAZ SPAGNA DE MINAUR
100%
WIMBLEDON 2023 GRANDE SLAM ALCARAZ SPAGNA DJOKOVIC
100%
INDIAN WELLS 2024 1000 ALCARAZ SPAGNA MEDVEDEV
100%
ROLAND GARROS 2024 GRANDE SLAM ALCARAZ SPAGNA ZVEREV
100%
WIMBLEDON 2024 GRANDE SLAM ALCARAZ SPAGNA DJOKOVIC
100%
PECHINO 2024 500 ALCARAZ SPAGNA SINNER
100%
WIMBLEDON 2018 GRANDE SLAM DJOKOVIC SERBIA ANDERSON
100%
CINCINNATI 2018 1000 DJOKOVIC SERBIA FEDERER
100%
US OPEN 2018 GRANDE SLAM DJOKOVIC SERBIA DEL POTRO
100%
SHANGHAI 2018 1000 DJOKOVIC SERBIA CORIC
100%
AUSTRALIA OPEN 2019 GRANDE SLAM DJOKOVIC SERBIA NADAL
100%
MADRID 2019 1000 DJOKOVIC SERBIA TSITSIPAS
100%
WIMBLEDON 2019 GRANDE SLAM DJOKOVIC SERBIA FEDERER
100%
TOKYO 2019 500 DJOKOVIC SERBIA MILLMAN
100%
PARIGI 2019 1000 DJOKOVIC SERBIA SHAPOVALOV
100%
AUSTRALIA OPEN 2020 GRANDE SLAM DJOKOVIC SERBIA THIEM
100%
DUBAI 2020 500 DJOKOVIC SERBIA TSITSIPAS
100%
CINCINNATI 2020 1000 DJOKOVIC SERBIA RAONIC
100%
ROMA 2020 1000 DJOKOVIC SERBIA SCHAWARTZMAN
100%
AUSTRALIA OPEN 2021 GRANDE SLAM DJOKOVIC SERBIA MEDVEDEV
100%
ROLAND GARROS 2021 GRANDE SLAM DJOKOVIC SERBIA TSITSIPAS
100%
WIMBLEDON 2021 GRANDE SLAM DJOKOVIC SERBIA BERRETTINI
100%
PARIGI 2021 1000 DJOKOVIC SERBIA MEDVEDEV
100%
ROMA 2022 1000 DJOKOVIC SERBIA TSITSIPAS
100%
WIMBLEDON 2022 GRANDE SLAM DJOKOVIC SERBIA KYRGIOS
100%
ASTANA 2022 500 DJOKOVIC SERBIA TSITISPAS
100%
ATP FINALS 2022 ATP FINALS DJOKOVIC SERBIA RUUD
100%
AUSTRALIA OPEN 2023 GRANDE SLAM DJOKOVIC SERBIA TSITSIPAS
100%
ROLAND GARROS 2023 GRANDE SLAM DJOKOVIC SERBIA RUUD
100%
CINCINNATI 2023 1000 DJOKOVIC SERBIA ALCARAZ
100%
US OPEN 2023 GRANDE SLAM DJOKOVIC SERBIA MEDVEDEV
100%
PARIGI 2023 1000 DJOKOVIC SERBIA DIMITROV
100%
ATP FINALS 2023 ATP FINALS DJOKOVIC SERBIA SINNER
100%
OLIMPIADI 2024 OLIMPIADI DJOKOVIC SERBIA ALCARAZ
100%
ATP FINALS GIOVANI 2019 ATP FINALS SINNER ITALIA DE MINAUR
100%
WASHINGTON 2021 500 SINNER ITALIA MCDONALD
100%
TORONTO 2023 1000 SINNER ITALIA DE MINAUR
100%
PECHINO 2023 500 SINNER ITALIA MEDVEDEV
100%
VIENNA 2023 500 SINNER ITALIA MEDVEDEV
100%
AUSTRALIA OPEN 2024 GRANDE SLAM SINNER ITALIA MEDVEDEV
100%
ROTTERDAM 2024 500 SINNER ITALIA DE MINAUR
100%
MIAMI 2024 1000 SINNER ITALIA DIMITROV
100%
HALLE 2024 500 SINNER ITALIA HURKACZ
100%
CINCINNATTI 2024 1000 SINNER ITALIA TIAFOE
100%
US OPEN 2024 GRANDE SLAM SINNER ITALIA FRITZ
100%
SHANGHAI 2024 1000 SINNER ITALIA DJOKOVIC
100%
ATP FINALS 2024 SINNER ITALIA FRITZ
100%
AUSTRALIA OPEN 2025 GRANDE SLAM SINNER ITALIA ZVEREV
100%
LONDRA 2021 500 BERRETTINI ITALIA NORRIE
94%
LONDRA 2022 500 BERRETTINI ITALIA KRAJINOVIC
94%
AUSTRALIA OPEN 2018 GRANDE SLAM FEDERER SVIZZERA CILIC
94%
ROTTERDAM 2018 500 FEDERER SVIZZERA DIMITROV
94%
BASILEA 2018 500 FEDERER SVIZZERA COPIL
94%
DUBAI 2019 500 FEDERER SVIZZERA TSITSIPAS
94%
MIAMI 2019 1000 FEDERER SVIZZERA ISNER
94%
HALLE 2019 500 FEDERER SVIZZERA GOFFIN
94%
BASILEA 2019 500 FEDERER SVIZZERA DE MINAUR
94%
AMBURGO 2020 500 RUBLEV RUSSIA TSITSIPAS
94%
SAN PIETROBURGO 2020 500 RUBLEV RUSSIA CORIC
94%
VIENNA 2020 500 RUBLEV RUSSIA SONEGO
94%
ROTTERDAM 2021 500 RUBLEV RUSSIA FUCSOVICS
94%
DUBAI 2022 500 RUBLEV RUSSIA VESELJ
94%
MONACO 2023 1000 RUBLEV RUSSIA RUNE
94%
MADRID 2024 1000 RUBLEV RUSSIA AUGER ALISSIAME
94%
BARCELLONA 2024 500 RUUD NORVEGIA TSITSIPAS
94%
ATP FINALS GIOVANI 2018 ATP FINALS TSITSIPAS GRECIA DE MINAUR
94%
ATP FINALS 2019 ATP FINALS TSITSIPAS GRECIA THIEM
94%
MONACO 2021 1000 TSITSIPAS GRECIA RUBLEV
94%
MONACO 2022 1000 TSITSIPAS GRECIA DAVIDOVICH FOKINA
94%
MONTECARLO 2024 1000 TSITSIPAS GRECIA RUUD
94%
MADRID 2018 1000 ZVEREV GERMANIA THIEM
94%
WASHINGTON 2018 500 ZVEREV GERMANIA DE MINAUR
94%
ATP FINALS 2018 ATP FINALS ZVEREV GERMANIA DJOKOVIC
94%
ACAPULCO 2021 500 ZVEREV GERMANIA TSITSIPAS
94%
MADRID 2021 1000 ZVEREV GERMANIA BERRETTINI
94%
OLIMPIADI 2021 OLIMPIADI ZVEREV GERMANIA KHACHANOV
94%
CINCINNATI 2021 1000 ZVEREV GERMANIA RUBLEV
94%
VIENNA 2021 500 ZVEREV GERMANIA TIAFOE
94%
ATP FINALS 2021 ATP FINALS ZVEREV GERMANIA MEDVEDEV
94%
AMBURGO 2023 500 ZVEREV GERMANIA DERE
94%
ROMA 2024 1000 ZVEREV GERMANIA JARRY
94%
PARIGI 2024 1000 ZVEREV GERMANIA HUMBERT
94%
INDIAN WELLS 2022 1000 FRITZ USA NADAL
89%
TOKYO 2022 500 FRITZ USA TIAFOE
89%
MIAMI 2021 1000 HURKACZ POLONIA SINNER
89%
HALLE 2022 500 HURKACZ POLONIA MEDVEDEV
89%
SHANGHAI 2023 1000 HURKACZ POLONIA RUBLEV
89%
TOKYO 2018 500 MEDVEDEV RUSSIA NISHIKORI
89%
CINCINNATI 2019 1000 MEDVEDEV RUSSIA GOFFIN
89%
SHANGHAI 2019 1000 MEDVEDEV RUSSIA ZVEREV
89%
PARIGI 2020 1000 MEDVEDEV RUSSIA ZVEREV
89%
ATP FINALS 2020 ATP FINALS MEDVEDEV RUSSIA THIEM
89%
TORONTO 2021 1000 MEDVEDEV RUSSIA OPELKA
89%
US OPEN 2021 GRANDE SLAM MEDVEDEV RUSSIA DJOKOVIC
89%
VIENNA 2022 500 MEDVEDEV RUSSIA SHAPOVALOV
89%
ROTTERDAM 2023 500 MEDVEDEV RUSSIA SINNER
89%
DUBAI 2023 500 MEDVEDEV RUSSIA RUBLEV
89%
MIAMI 2023 1000 MEDVEDEV RUSSIA SINNER
89%
ROMA 2023 1000 MEDVEDEV RUSSIA RUNE
89%
MONTECARLO 2018 1000 NADAL SPAGNA NISHIKORI
89%
BARCELLONA 2018 500 NADAL SPAGNA TSITISPAS
89%
ROMA 2018 1000 NADAL SPAGNA ZVEREV
89%
ROLAND GARROS 2018 GRANDE SLAM NADAL SPAGNA THIEM
89%
TORONTO 2018 1000 NADAL SPAGNA TSITISPAS
89%
ROMA 2019 1000 NADAL SPAGNA DJOKOVIC
89%
ROLAND GARROS 2019 GRANDE SLAM NADAL SPAGNA THIEM
89%
MONTREAL 2019 1000 NADAL SPAGNA MEDVEDEV
89%
US OPEN 2019 GRANDE SLAM NADAL SPAGNA MEDVEDEV
89%
ACAPULCO 2020 500 NADAL SPAGNA FRITZ
89%
ROLAND GARROS 2020 GRANDE SLAM NADAL SPAGNA DJOKOVIC
89%
BARCELLONA 2021 500 NADAL SPAGNA TSITSIPAS
89%
ROMA 2021 1000 NADAL SPAGNA DJOKOVIC
89%
AUSTRALIA OPEN 2022 GRANDE SLAM NADAL SPAGNA MEDVEDEV
89%
ACAPULCO 2022 500 NADAL SPAGNA NORRIE
89%
HALLE 2023 500 BUBLIK KAZAKISTAN RUBLEV
78%
ACAPULCO 2023 500 DE MINAUR AUSTRALIA PAUL
78%
ACAPULCO 2024 500 DE MINAUR AUSTRALIA RUUD
78%
AMBURGO 2022 500 MUSETTI ITALIA ALCARAZ
78%
PARIGI 2022 1000 RUNE DANIMARCA DJOKOVIC
78%
TOKYO 2023 500 SHELTON USA KARACEV
78%
INDIAN WELLS 2019 1000 THIEM AUSTRIA FEDERER
78%
BARCELLONA 2019 500 THIEM AUSTRIA MEDVEDEV
78%
PECHINO 2019 500 THIEM AUSTRIA TSITSIPAS
78%
VIENNA 2019 500 THIEM AUSTRIA SCHWARTZMAN
78%
US OPEN 2020 GRANDE SLAM THIEM AUSTRIA ZVEREV
78%
BASILEA 2022 500 AUGER ALIASSIME CANADA RUNE
67%
BASILEA 2023 500 AUGER ALIASSIME CANADA HURKACZ
67%
LONDRA 2018 500 CILIC CROAZIA DJOKOVIC
67%
ACAPULCO 2018 500 DEL POTRO ARGENTINA ANDERSON
67%
INDIAN WELLS 2018 1000 DEL POTRO ARGENTINA FEDERER
67%
AMBURGO 2024 500 FILS FRANCIA ZVEREV
67%
TOKYO 2024 500 FILS FRANCIA HUMBERT
67%
MONACO 2019 1000 FOGNINI ITALIA LAJOVIC
67%
ATP FINALS NEXT GEN 2024 FONSECA BRASILE TIEN
67%
COPPA DAVIS 2023 COPPA DAVIS ITALIA AUSTRALIA
67%
COPPA DAVIS 2024 ITALIA OLANDA
67%
QUEEN'S 2024 500 PAUL USA MUSETTI
67%
HALLE 2021 500 HUMBERT FRANCIA RUBLEV
61%
DUBAI 2024 500 HUMBERT FRANCIA BUBLIK
61%
PARIGI 2018 1000 KHACHANOV RUSSIA DJOKOVIC
56%
INDIAN WELLS 2021 1000 NORRIE UK BASILASHVILI
56%
RIO 2023 500 NORRIE UK ALCARAZ
56%
HALLE 2018 500 CORIC CROAZIA FEDERER
50%
CINCINNATI 2022 1000 CORIC CROAZIA TSITSIPAS
50%
VIENNA 2024 500 DRAPER REGNO UNITO KHACHANOV
50%
AMBURGO 2021 500 CARRENO BUSTA SPAGNA KRAJINOVIC
44%
MONTREAL 2022 1000 CARRENO BUSTA SPAGNA HURKACZ
44%
MIAMI 2018 1000 ISNER USA ZVEREV
44%
WASHINGTON 2024 500 KORDA USA COBOLLI
44%
ACAPULCO 2019 500 KYRGIOS AUSTRALIA ZVEREV
44%
WASHINGTON 2019 500 KYRGIOS AUSTRALIA MEDVEDEV
44%
WASHINGTON 2022 500 KYRGIOS AUSTRALIA NISHIOKA
44%
MOTREAL 2024 1000 POPYRIN AUSTRALIA RUBLEV
44%
COPPA DAVIS 2022 COPPA DAVIS CANADA AUSTRALIA
39%
COPPA DAVIS 2019 COPPA DAVIS SPAGNA CANADA
39%
AMBURGO 2018 500 BASILASHVILI GEORGIA MAYER
33%
PECHINO 2018 500 BASILASHVILI GEORGIA DEL POTRO
33%
AMBURGO 2019 500 BASILASHVILI GEORGIA RUBLEV
33%
COPPA DAVIS 2021 COPPA DAVIS RUSSIA CROAZIA
33%
VIENNA 2018 500 ANDERSON SUDAFRICA NISHIKORI
28%
COPPA DAVIS 2018 COPPA DAVIS CROAZIA FRANCIA
22%
DUBAI 2021 500 KARACEV RUSSIA HARRIS
22%
RIO 2018 500 SCHWARTZMAN ARGENTINA VERDASCO
22%
RIO 2024 500 BAEZ ARGENTINA NAVONE
11%
WASHINGTON 2023 500 EVANS UK GRIEKSPOOR
11%
BASILEA 2024 500 MPETSHI PERRICARD FRANCIA SHELTON
11%
ATP FINALS GIOVANI 2022 ATP FINALS NAKASHIMA USA LEHECKA
11%
ROTTERDAM 2022 500 AUGER ALISSIME CANADA TSITSIPAS
6%
RIO 2020 500 GARIN CILE MAGER
6%
ATP FINALS GIOVANI 2023 ATP FINALS MEDEDOVIC SERBIA FILS
6%
ROLANS GARROS 2022 GRANDE SLAM NADLA SPAGNA RUUD
6%
DUBAI 2018 500 BAUTISTA SPAGNA POUILLE
0%
RIO 2019 500 DJERE SERBIA AUGER ALIASSIME
0%
LONDRA 2019 500 LOPEZ SPAGNA SIMON
0%
ROTTERDAM 2019 500 MONFLIS FRANCIA WAWRINKA
0%
ROTTERDAM 2020 500 MONFLIS FRANCIA AUGER ALIASSIME
0%
Nessun quiz corrispondente trovato
Distribuzione punteggi
Percentuale di utenti per punteggio
Percentile per numero di risposta
I tuoi punteggi nel tempo
Non hai fatto questo quiz dall'ultimo reset